Eastern Utah Libraries Catalog: Duchesne, Heber, Roosevelt, & Vernal

DC League of Super-Pets (Record no. 377939)

MARC details
000 -LEADER
fixed length control field 05910cgm a2201141 i 4500
001 - CONTROL NUMBER
control field on1346428051
003 - CONTROL NUMBER IDENTIFIER
control field OCoLC
005 - DATE AND TIME OF LATEST TRANSACTION
control field 20231109120354.0
007 - PHYSICAL DESCRIPTION FIXED FIELD--GENERAL INFORMATION
fixed length control field vd csaizq
007 - PHYSICAL DESCRIPTION FIXED FIELD--GENERAL INFORMATION
fixed length control field vd cvaizq
008 - FIXED-LENGTH DATA ELEMENTS--GENERAL INFORMATION
fixed length control field 221003s2022 cau105 j vaeng d
024 10 - OTHER STANDARD IDENTIFIER
Standard number or code 883929773497
028 41 - PUBLISHER NUMBER
Publisher number 3000091112
Source Warner Bros. Entertainment
028 41 - PUBLISHER NUMBER
Publisher number 3000091113
Source Warner Bros. Entertainment
028 41 - PUBLISHER NUMBER
Publisher number 2000176958
Source Warner Bros. Entertainment
028 41 - PUBLISHER NUMBER
Publisher number 2000176989
Source Warner Bros. Entertainment
035 ## - SYSTEM CONTROL NUMBER
System control number (OCoLC)1346428051
040 ## - CATALOGING SOURCE
Original cataloging agency IZ2
Language of cataloging eng
Description conventions rda
Transcribing agency IZ2
Modifying agency OQX
-- GK8
-- HF9
-- WACOL
041 1# - LANGUAGE CODE
Language code of text/sound track or separate title eng
-- fre
-- por
-- spa
Language code of original and/or intermediate translations of text eng
046 ## - SPECIAL CODED DATES
Beginning or single date created 2022
Source of date edtf
049 ## - LOCAL HOLDINGS (OCLC)
Holding library WACL
050 #4 - LIBRARY OF CONGRESS CALL NUMBER
Classification number NC1766.5 .W376
Item number .D35 2022
092 ## - LOCALLY ASSIGNED DEWEY CALL NUMBER (OCLC)
Classification number BLU-RAY
Item number Super
245 00 - TITLE STATEMENT
Title DC League of Super-Pets
246 30 - VARYING FORM OF TITLE
Title proper/short title League of super-pets
246 3# - VARYING FORM OF TITLE
Title proper/short title DC league of superpets
246 3# - VARYING FORM OF TITLE
Title proper/short title League of superpets
246 3# - VARYING FORM OF TITLE
Title proper/short title Super pets
246 3# - VARYING FORM OF TITLE
Title proper/short title Superpets
264 #1 - Production, Publication, Distribution, Manufacture, and Copyright Notice.
Place of production, publication, distribution, manufacture [Burbank, California] :
Name of producer, publisher, distributor, manufacturer Warner Bros. Entertainment, Inc.,
Date of production, publication, distribution, manufacture, or copyr [2022]
264 #2 - Production, Publication, Distribution, Manufacture, and Copyright Notice.
Place of production, publication, distribution, manufacture Universal City, CA :
Name of producer, publisher, distributor, manufacturer Studio Distribution Services,
Date of production, publication, distribution, manufacture, or copyr [2022]
264 #4 - Production, Publication, Distribution, Manufacture, and Copyright Notice.
Date of production, publication, distribution, manufacture, or copyr �2022
300 ## - PHYSICAL DESCRIPTION
Extent 2 videodiscs (105 min.) :
Other physical details sound, color ;
Dimensions 4 3/4 in.
336 ## - Content Type
Materials specified Blu-ray & DVD
Content type term two-dimensional moving image
337 ## - Media type
Materials specified Blu-ray & DVD
Media type term video
338 ## - Carrier type
Materials specified Blu-ray & DVD
Carrier type term videodisc
340 ## - PHYSICAL MEDIUM
Materials specified Blu-ray & DVD
Dimensions 4 3/4 in.
340 ## - PHYSICAL MEDIUM
Materials specified Blu-ray & DVD
Information recording technique stamping
340 ## - PHYSICAL MEDIUM
Materials specified Blu-ray & DVD
500 ## - GENERAL NOTE
General note Some dialogue and subtitle options may not be listed on container.
500 ## - GENERAL NOTE
General note Originally released as a motion picture in 2022.
500 ## - GENERAL NOTE
General note Based on characters from DC.
500 ## - GENERAL NOTE
General note Superman created by Jerry Siegel and Joe Shuster.
500 ## - GENERAL NOTE
General note Wide screen.
500 ## - GENERAL NOTE
General note Blu-ray special features: How to draw Krypto; Behind the super voices; Super-pets animation 101; The world of Super-pets; Find the Easter eggs; deleted scenes.
500 ## - GENERAL NOTE
General note DVD special feature: Behind the super voices.
508 ## - CREATION/PRODUCTION CREDITS NOTE
Creation/production credits note Edited by David Egan, Jhoanne Reyes ; production designer, Kim Taylor ; music by Steve Jablonsky.
511 1# - PARTICIPANT OR PERFORMER NOTE
Participant or performer note Voices: Dwayne Johnson, Kevin Hart, Kate McKinnon, John Krasinski, Vanessa Bayer, Natasha Lyonne, Diego Luna, Marc Maron, Keanu Reeves, Thomas Middleditch, Ben Schwartz.
520 ## - SUMMARY, ETC.
Summary, etc Krypto the Super-Dog and Superman are inseparable best friends, sharing the same superpowers and fighting crime side by side in Metropolis. However, Krypto must master his powers for a rescue mission when Superman is kidnapped. -- Provided by publisher.
521 8# - TARGET AUDIENCE NOTE
Target audience note MPAA rating: PG; for action, mild violence, language and rude humor.
521 ## - TARGET AUDIENCE NOTE
Target audience note childrens dvd
Source micromarketing
538 ## - SYSTEM DETAILS NOTE
System details note Blu-ray; 1080p high definition, widescreen presentation; Dolby Atmos (English), DTS-HD Master Audio (English), 5.1 Dolby digital (French, Spanish, Portuguese); requires blu-ray player.
538 ## - SYSTEM DETAILS NOTE
System details note DVD; NTSC, region 1; widescreen presentation; 5.1 Dolby digital.
538 ## - SYSTEM DETAILS NOTE
System details note The Blu-ray disc can only be played on Blu-ray disc players and will not play on standard DVD players.
546 ## - LANGUAGE NOTE
Language note In English with optional dubbed French, Spanish or Portuguese language tracks; English descriptive audio; optional French, Spanish or Portuguese subtitles; English subtitles for the deaf and hard of hearing.
600 00 - SUBJECT ADDED ENTRY--PERSONAL NAME
Personal name Superman
Titles and other words associated with a name (Fictitious character)
Form subdivision Juvenile films.
9 (RLIN) 6395385
650 #0 - SUBJECT ADDED ENTRY--TOPICAL TERM
Topical term or geographic name as entry element Superheroes
Form subdivision Juvenile films.
9 (RLIN) 5710750
650 #0 - SUBJECT ADDED ENTRY--TOPICAL TERM
Topical term or geographic name as entry element Dogs
Form subdivision Juvenile films.
9 (RLIN) 5714243
650 #0 - SUBJECT ADDED ENTRY--TOPICAL TERM
Topical term or geographic name as entry element Pets
Form subdivision Juvenile films.
9 (RLIN) 5763623
650 #0 - SUBJECT ADDED ENTRY--TOPICAL TERM
Topical term or geographic name as entry element Rescues
Form subdivision Juvenile films.
9 (RLIN) 5727843
650 #0 - SUBJECT ADDED ENTRY--TOPICAL TERM
Topical term or geographic name as entry element Metropolis (Imaginary place)
Form subdivision Juvenile films.
9 (RLIN) 6456328
655 #7 - INDEX TERM--GENRE/FORM
Genre/form data or focus term Superhero films.
Source of term lcgft
9 (RLIN) 102758
655 #7 - INDEX TERM--GENRE/FORM
Genre/form data or focus term Action and adventure films.
Source of term lcgft
655 #7 - INDEX TERM--GENRE/FORM
Genre/form data or focus term Children's films.
Source of term lcgft
655 #7 - INDEX TERM--GENRE/FORM
Genre/form data or focus term Animated films.
Source of term lcgft
655 #7 - INDEX TERM--GENRE/FORM
Genre/form data or focus term Computer animation films.
Source of term lcgft
9 (RLIN) 5743741
655 #7 - INDEX TERM--GENRE/FORM
Genre/form data or focus term Animal films.
Source of term lcgft
655 #7 - INDEX TERM--GENRE/FORM
Genre/form data or focus term Film adaptations.
Source of term lcgft
655 #7 - INDEX TERM--GENRE/FORM
Genre/form data or focus term Fiction films.
Source of term lcgft
655 #7 - INDEX TERM--GENRE/FORM
Genre/form data or focus term Feature films.
Source of term lcgft
655 #7 - INDEX TERM--GENRE/FORM
Genre/form data or focus term Video recordings for the hearing impaired.
Source of term lcgft
655 #7 - INDEX TERM--GENRE/FORM
Genre/form data or focus term Video recordings for people with visual disabilities.
Source of term lcgft
9 (RLIN) 5676923
700 1# - ADDED ENTRY--PERSONAL NAME
Personal name Stern, Jared
Titles and other words associated with a name (Screenwriter),
Relator term film producer,
-- screenwriter,
-- film director.
9 (RLIN) 6456041
700 1# - ADDED ENTRY--PERSONAL NAME
Personal name Whittington, John
Titles and other words associated with a name (Screenwriter),
Relator term screenwriter.
9 (RLIN) 6456042
700 1# - ADDED ENTRY--PERSONAL NAME
Personal name Hicks, Patricia
Titles and other words associated with a name (Film producer),
Relator term film producer.
9 (RLIN) 6456329
700 1# - ADDED ENTRY--PERSONAL NAME
Personal name Johnson, Dwayne,
Dates associated with a name 1972-
Relator term film producer,
-- voice actor.
9 (RLIN) 5856300
700 1# - ADDED ENTRY--PERSONAL NAME
Personal name Garcia, Dany,
Dates associated with a name 1968-
Relator term film producer.
9 (RLIN) 6354545
700 1# - ADDED ENTRY--PERSONAL NAME
Personal name Garcia, Hiram,
Dates associated with a name 1976-
Relator term film producer.
9 (RLIN) 5976537
700 1# - ADDED ENTRY--PERSONAL NAME
Personal name Hart, Kevin,
Dates associated with a name 1979-
Relator term voice actor.
9 (RLIN) 5778813
700 1# - ADDED ENTRY--PERSONAL NAME
Personal name McKinnon, Kate,
Dates associated with a name 1984-
Relator term voice actor.
9 (RLIN) 5714858
700 1# - ADDED ENTRY--PERSONAL NAME
Personal name Krasinski, John,
Dates associated with a name 1979-
Relator term voice actor.
9 (RLIN) 72671
700 1# - ADDED ENTRY--PERSONAL NAME
Personal name Bayer, Vanessa,
Dates associated with a name 1981-
Relator term voice actor.
9 (RLIN) 6405282
700 1# - ADDED ENTRY--PERSONAL NAME
Personal name Lyonne, Natasha,
Relator term voice actor.
9 (RLIN) 58651
700 1# - ADDED ENTRY--PERSONAL NAME
Personal name Luna, Diego,
Dates associated with a name 1979-
Relator term voice actor.
9 (RLIN) 77425
700 1# - ADDED ENTRY--PERSONAL NAME
Personal name Maron, Marc,
Relator term voice actor.
9 (RLIN) 5810799
700 1# - ADDED ENTRY--PERSONAL NAME
Personal name Reeves, Keanu,
Relator term voice actor.
700 1# - ADDED ENTRY--PERSONAL NAME
Personal name Middleditch, Thomas,
Relator term voice actor.
9 (RLIN) 6008906
700 1# - ADDED ENTRY--PERSONAL NAME
Personal name Schwartz, Ben,
Dates associated with a name 1981-
Relator term voice actor.
9 (RLIN) 6012950
700 1# - ADDED ENTRY--PERSONAL NAME
Personal name Egan, David
Titles and other words associated with a name (Film editor),
Relator term editor of moving image work.
9 (RLIN) 6456044
700 1# - ADDED ENTRY--PERSONAL NAME
Personal name Reyes, Jhoanne,
Relator term editor of moving image work.
9 (RLIN) 6456045
700 1# - ADDED ENTRY--PERSONAL NAME
Personal name Taylor, Kim
Titles and other words associated with a name (Production designer),
Relator term production designer.
9 (RLIN) 6456330
700 1# - ADDED ENTRY--PERSONAL NAME
Personal name Jablonsky, Steve,
Relator term composer (expression)
9 (RLIN) 72525
710 2# - ADDED ENTRY--CORPORATE NAME
Corporate name or jurisdiction name as entry element Warner Bros. Pictures (1969- ),
Relator term presenter.
9 (RLIN) 68691
710 2# - ADDED ENTRY--CORPORATE NAME
Corporate name or jurisdiction name as entry element Seven Bucks Productions,
Relator term production company.
9 (RLIN) 5976543
710 2# - ADDED ENTRY--CORPORATE NAME
Corporate name or jurisdiction name as entry element Warner Bros. Entertainment,
Relator term publisher.
9 (RLIN) 52548
710 2# - ADDED ENTRY--CORPORATE NAME
Corporate name or jurisdiction name as entry element Studio Distribution Services (Firm),
Relator term distributor.
9 (RLIN) 6433622
942 ## - ADDED ENTRY ELEMENTS (KOHA)
Source of classification or shelving scheme Dewey Decimal Classification
Koha item type Blu-ray digital video discs
Holdings
Withdrawn status Lost status Source of classification or shelving scheme Materials specified (bound volume or other part) Damaged status Not for loan Collection code Home library Current library Shelving location Date acquired Source of acquisition Total Checkouts Total Renewals Full call number Barcode Date last seen Date checked out Cost, replacement price Price effective from Koha item type
    Dewey Decimal Classification 1 blu-ray, 1 dvd     Children Movies Wasatch County Library Wasatch County Library Audio Visual Area 10/13/2022 Micromarketing 27 38 E Movie Superpets 34301001866336 11/21/2025 11/15/2025 39.98 10/13/2022 Blu-ray/DVD
This project was made possible through a grant from the Institute of Museum and Library Service administered by the Utah State Library Division.

Wasatch County Library

  • 465 East 1200 South, Heber City, Utah 84032
  • Phone 435-654-1511 | Fax 435-654-6456

Hours

  • Monday - Friday 9:30 AM - 8:00 PM
  • Saturday 9:30 AM - 1:30 PM
  • Closed Sundays and Holidays